|
|
|
|
| LEADER |
00000nam0a2200000 4500 |
| 001 |
372684 |
| 005 |
20231102012511.0 |
| 035 |
|
|
|a (RuTPU)RU\TPU\retro\30109
|
| 035 |
|
|
|a RU\TPU\book\222656
|
| 090 |
|
|
|a 372684
|
| 100 |
|
|
|a 20221215d1977 k y0rusy50 ca
|
| 101 |
0 |
|
|a rus
|
| 102 |
|
|
|a RU
|
| 105 |
|
|
|a a z 001zy
|
| 200 |
1 |
|
|a Этюды по эргономике: на примере машин с импульсными воздействиями на организм оператора
|f Н. П. Беневоленская
|g Академия наук СССР (АН СССР), Сибирское отделение (СО), Институт горного дела (ИГД)
|
| 210 |
|
|
|a Новосибирск
|c Наука
|d 1977
|
| 215 |
|
|
|a 141 с.
|c ил.
|
| 320 |
|
|
|a Библиогр.: с. 131-140.
|
| 606 |
1 |
|
|a Эргономика
|2 stltpush
|3 (RuTPU)RU\TPU\subj\37487
|9 58447
|
| 610 |
1 |
|
|a эргономика
|
| 610 |
1 |
|
|a машины
|
| 610 |
1 |
|
|a импульсы
|
| 610 |
1 |
|
|a импульсные воздействия
|
| 610 |
1 |
|
|a операторы
|
| 610 |
1 |
|
|a человеческий организм
|
| 610 |
1 |
|
|a организм человека
|
| 675 |
|
|
|a 331
|v 3
|
| 686 |
|
|
|a У9(2)242.10
|2 rubbk
|
| 700 |
|
1 |
|a Беневоленская
|b Н. П.
|g Надежда Павловна
|
| 712 |
0 |
2 |
|a Академия наук СССР (АН СССР)
|b Сибирское отделение (СО)
|b Институт горного дела (ИГД)
|c (Новосибирск)
|2 stltpush
|3 (RuTPU)RU\TPU\col\11352
|
| 801 |
|
1 |
|a RU
|b 63413507
|c 20111121
|
| 801 |
|
2 |
|a RU
|b 63413507
|c 20221215
|g RCR
|
| 942 |
|
|
|c BK
|